[Event "Vienna op 13th"]
[Site "Vienna"]
[Date "1998.10.30"]
[Round "6"]
[White "Ibragimov, Ildar"]
[Black "Golod, Vitali"]
[Result "1/2-1/2"]
[WhiteElo "2610"]
[BlackElo "2555"]
[Annotator "Golod,V"]
[PlyCount "56"]
[EventDate "1998.10.25"]
[EventType "swiss"]
[EventRounds "9"]
[EventCountry "AUT"]
[SourceTitle "CBM 068"]
[Source "ChessBase"]
[SourceDate "1999.02.01"]
[SourceVersion "1"]
[SourceVersionDate "1999.02.01"]
[SourceQuality "1"]

1. e4 c5 2. d3 Nc6 3. g3 d5 4. Nd2 Nf6 5. Bg2 g6 ({Another line is:} 5... e5 $5
) 6. Ngf3 Bg7 7. O-O O-O 8. c3 {[%cal Ge4e5,Gd3d4]} e5 (8... dxe4 $5 9. dxe4
Qc7 10. Qe2 $11) 9. Qb3 $5 d4 $5 ({Good enough:} 9... Rb8 $5 10. Re1 d4 11.
cxd4 cxd4 12. Qd1 Nd7 13. Nb3 a5 14. Bd2 a4 15. Nc1 Nc5 $11 {1/2-1/2 Parker,
J-Fogarasi,T/Guildford 1991/EXP 24 (25)}) ({and} 9... b6 $5 10. exd5 Na5 11.
Qa4 Nxd5 12. Nc4 e4 13. Ng5 exd3 14. Nxa5 bxa5 15. Rd1 Ba6 $13 {0-1 Burovic,
I-Kurajica,B/Zonal 1998 (34)}) 10. Nc4 (10. cxd4 cxd4 11. Nc4 Nd7 12. Bd2 Nb6
13. Na5 Nxa5 14. Bxa5 Be6 15. Qb5 Qd7 $11 {0-1 Hertel,P-Szymczak,Z/Hamburg
1993/EXT 93op (51)}) 10... Qe7 $5 ({Worse is:} 10... Re8 11. cxd4 cxd4 12. Ng5
Qe7 13. f4 h6 14. Nf3 exf4 15. gxf4 Be6 $13 {1-0 Mowsziszian,K-Kaiumov,D/
Dresden 1993/TD 93\06 (40)}) 11. Bd2 $6 $146 ({Was checked in the previous
game:} 11. Nfd2 $6 Rd8 12. f4 $2 dxc3 13. bxc3 Rxd3 14. fxe5 Nxe5 15. Nxe5 Qxe5
16. Rf3 Rxf3 17. Bxf3 Qe7 $19 {0-1 Guid,M-Kosmac,B/SLO-chJ 1993/EXT 93ch (35)})
({and} 11. a4 $5 Rd8 12. cxd4 cxd4 13. Bd2 Ne8 14. Rfc1 h6 15. a5 Be6 16. Qa4
Nd6 17. Nxd6 Rxd6 18. b4 $14 {0-1 Sepp,O-Manninen,M/FIN-chT 9596 1996/EXT 97 
(65)}) (11. cxd4 $5) 11... dxc3 $1 $11 {(weakness:Pd3 or ><d4)} 12. Bxc3 (12.
bxc3 Rd8 13. Qc2 $11) 12... Ne8 $1 {[%csl Rd5][%cal Ge8c7]} 13. Ne3 {[%cal
Ge3d5]} Nc7 14. Nd5 Qd8 $1 (14... Nxd5 $2 15. exd5 Nd4 16. Nxd4 exd4 $8 (16...
cxd4 $4 17. Bb4 $18) 17. Rfe1 $1 $36 {[%cal Gc3d2,Gd2f4]}) 15. Nd2 $5 {[%cal
Gd2c4,Gc4e3]} b6 (15... Nxd5 $6 16. exd5 Nd4 17. Bxd4 {+/=/=}) 16. Nc4 ({Badly:
} 16. f4 {in view of:} Be6 {[%csl Rd5] /\exf4;(><d4)=/+}) 16... Be6 17. Nce3
Nd4 18. Qd1 Qd7 {/\Nd5} 19. a4 $5 {[%csl Ra7,Rb6][%cal Ga4b5]} Nxd5 $1 20. exd5
(20. Nxd5 {-this move is very weak,because of:} Bg4 $1 21. f3 $140 (21. Qb1 $2
Be2 22. Re1 $8 (22. Rc1 $2 Nb3 $19 {[%csl Ra1,Rc1]}) 22... Nf3+ 23. Bxf3 Bxf3
$17) 21... Be6 {[%csl Rd5]} 22. Bxd4 (22. f4 $6 Bxd5 (22... Bg4 $5) 23. exd5
exf4 24. Rxf4 Rae8 {=/+/-/+}) 22... Bxd5 $15) 20... Bh3 21. Bxh3 $1 Qxh3 $140
22. Bxd4 $1 exd4 $5 ({Another alternative is:} 22... cxd4 $5 23. Nc4 Rfd8 24.
d6 Rab8 {[%csl Rd6][%cal Ga7a6,Gb6b5]} 25. Qb3 $1 {[%cal Gb3b5]} a6 $5 (25...
Qe6 26. Qb5 $11) 26. Nxb6 Rxd6 27. a5 {[%csl Ra6][%cal Gb3c4]} g5 $1 {[%cal
Gd6h6]} 28. f3 Rh6 29. Rf2 $13) 23. Nc4 Qf5 $5 {[%csl Rf3][%cal Gd1f3,Yf5f3]
preventing from white queen to get to f3 without losing tempo(f2-f4)} (23...
Rad8 $6 24. d6 Rfe8 25. Qf3 $36) 24. d6 Rfd8 25. f4 $1 {[%cal Gd1f3] White's
plan is:Qf3,g4,Rae1and f5; with strong initiative on the king side.} Bf8 26.
Qf3 Rab8 ({Worse is:} 26... Qd7 27. f5 $1 $36) 27. g4 Qf6 {[%csl Rd6]} (27...
Qd7 $2 28. Ne5 $16 {[%csl Rb8,Rd8][%cal Ge5c6]}) (27... Qc8 $6 28. f5 $36) 28.
f5 $6 ({Very interestingly is:} 28. Rae1 $5 Bxd6 29. Nd2 $1 {[%cal Gd2e4]} Qh4
$1 {(Mikhalevski,V)} 30. Ne4 $44 (30. g5 $2 h6 $1 $17) 30... f5 $140 $2 31.
gxf5 gxf5 32. Ng3 $1 $14 {[%csl Rf5][%cal Ge1e6]}) 28... gxf5 $1 (28... gxf5 $1
29. Qxf5 {the best move} Qxf5 30. Rxf5 Bxd6 31. Raf1 Rb7 32. Rg5+ Kh8 (32...
Kf8 33. Rh5 Kg8 34. Rg5+ $11) 33. Rgf5 Kg8 34. Rg5+ $11) (28... g5 $2 29. Nd2
$1 $36 {[%cal Gd2e4]}) (28... Bxd6 $2 29. fxg6 Qxg6 (29... Qxf3 $2 30. gxh7+
Kxh7 31. Rxf3 $16) 30. Rae1 $1 $36) 1/2-1/2

[Event "Reunion op 09th"]
[Site "Reunion"]
[Date "2007.10.19"]
[Round "7"]
[White "Letreguilly, Olivier"]
[Black "Wantiez, Fabrice"]
[Result "0-1"]
[WhiteElo "2334"]
[BlackElo "2300"]
[Annotator "Hauchard,A"]
[PlyCount "72"]
[EventDate "2007.10.14"]
[EventType "swiss"]
[EventRounds "9"]
[EventCountry "FRA"]
[SourceTitle "EXT 2012"]
[Source "ChessBase"]
[SourceDate "2011.11.24"]
[SourceVersion "1"]
[SourceVersionDate "2011.11.24"]
[SourceQuality "1"]

1. Nf3 Nf6 2. g3 g6 3. Bg2 Bg7 4. O-O O-O 5. d3 d5 6. Nbd2 c5 7. e4 Nc6 8. c3
Qc7 9. Re1 {Un début sans ambition de la part d'Olivier qui commence a faiblir
en fin de tournoi} Rd8 (9... dxe4 10. Nxe4 Nxe4 11. dxe4 Rd8 12. Qc2 c4 13. Bf4
e5 14. Bg5 Ne7) 10. a3 $6 {un coup inutile , le fou de case blanche des noirs
aura une belle case b3} (10. Qe2 b6 11. Nf1 e5) (10. e5 $5 {avant que les
noirs puissent jouer ce coup eux-mêmes} Ng4 11. e6 fxe6 12. Ng5 (12. Nb3 c4 13.
dxc4 dxc4 14. Nbd2 Nce5 15. Re4 Bd7 16. Qe2 b5 17. Nd4 Nh6 18. a4 bxa4 19. Nf1
Nhf7) 12... e5 13. Bh3 h5 14. Ndf3 Qb6 15. Qe2 Rf8 16. Rf1 Qa6 17. Nh4 e4 18.
Nxg6 Qxd3 19. Qxd3 exd3 20. Nxf8 Kxf8) 10... dxe4 11. dxe4 Ng4 $1 (11... Rb8)
12. Qe2 Nge5 13. Nxe5 (13. Nc4 {autre possibilité} Nxc4 (13... Bg4 14. Bf4 e6
15. Rad1) (13... Nxf3+ 14. Qxf3 b5 15. Ne3 Ne5 16. Qe2 e6) 14. Qxc4 Qb6 15. e5)
13... Nxe5 14. Nc4 (14. Nf3 Bg4 15. Bf4 Qb6 16. Bxe5 Bxe5 17. Rad1 Rac8 18. Rd2
a6 19. Red1 Rxd2 20. Rxd2 Rd8 21. Qd1 Rxd2 22. Qxd2) 14... Nxc4 15. Qxc4 Be6
16. Qe2 a6 17. Bf4 (17. f4 Rd7 18. e5 Rad8 19. Be3 $13) 17... Be5 18. Bxe5 Qxe5
19. Qc2 (19. Rad1) 19... Bc4 20. Rad1 Qe6 $1 21. Rxd8+ (21. Rd2) (21. Qc1 Bb3
22. Rd2 Qe5 23. f4 Qc7 24. Rf2 e5 25. f5 Qd6 26. fxg6 fxg6 27. Qg5 Rf8 28. Rd2
Qf6 29. Qxf6 Rxf6 30. Rf1 Raf8 31. Rxf6 Rxf6 32. Rd8+ Rf8 33. Rd6 Bf7 34. Rd7
b6 35. Bf1 b5 36. h4) 21... Rxd8 22. Rd1 Qb6 23. b4 (23. Rd2) (23. Rxd8+) 23...
cxb4 24. axb4 $2 {étrange car les noirs vont disposer d'un pion a passé} (24.
cxb4 Rd4 25. Bf1 $1 (25. e5 {а envisager} a5 26. bxa5 Qxa5 27. Bxb7 Rxd1+ 28.
Qxd1 Qxa3 29. Kg2 Qc5 30. f4 {Egal}) 25... Bxf1 26. Kxf1 $11) 24... Qc7 $15 25.
Rd2 $6 {Il fallait échanger la tour et jouer e5 pour s'activer} (25. Rxd8+ Qxd8
26. e5 (26. Bf1 Qc8 27. Bxc4 Qxc4 28. f3 b6 29. Qd2 Qc6 30. Kg2 Qc7 31. c4 Qxc4
32. Qd8+ Kg7 33. Qxb6 {Egal}) 26... b6 27. h4 Kg7 28. Kh2 a5 29. f4 Qd7 30. Qe4
Bb3 31. bxa5 bxa5 {ls noirs sont mieux}) 25... b6 26. Bf3 $6 (26. Rxd8+) (26.
Rd4) 26... a5 27. Bd1 $2 $17 Rd6 (27... e5) 28. Kg2 (28. Qb2) 28... Qd7 $1 (
28... axb4 29. cxb4 Bf1+ 30. Kxf1 Qxc2 31. Rxc2 Rxd1+ 32. Kg2 Rd4 33. e5 $1
Rxb4 34. Rc7) (28... Bb3 29. Qc1 Bxd1 30. Qxd1) 29. Rxd6 Qxd6 30. Qb1 $2 (30.
bxa5 bxa5 31. Qb1 e5 32. Ba4 Kg7 33. h4) 30... Bd3 $1 31. Bc2 Bxc2 32. Qxc2
axb4 33. cxb4 Qxb4 34. Kf3 Qd4 35. Ke2 b5 36. Qd2 $2 (36. Qd3 Qb6 37. Qb3 b4
38. f3 e5 39. h3 Qa6+ 40. Kd2 Qb6 41. Ke2) 36... Qxe4+ 0-1

[Event "EU-ch 4th"]
[Site "Istanbul"]
[Date "2003.06.11"]
[Round "11"]
[White "Nisipeanu, Liviu Dieter"]
[Black "Volokitin, Andrei"]
[Result "1-0"]
[WhiteElo "2606"]
[BlackElo "2572"]
[Annotator "Hecht,H"]
[PlyCount "81"]
[EventDate "2003.05.30"]
[EventType "swiss"]
[EventRounds "13"]
[EventCountry "TUR"]
[SourceTitle "CBM 096"]
[Source "ChessBase"]
[SourceDate "2003.09.25"]
[SourceVersion "1"]
[SourceVersionDate "2003.09.25"]
[SourceQuality "1"]

1. e4 c5 2. d3 Nc6 3. g3 g6 4. Bg2 Bg7 5. Nf3 Nf6 6. O-O d5 7. Nbd2 O-O 8. c3
e5 9. exd5 Nxd5 10. Re1 h6 11. Qa4 Qc7 12. Qc4 Be6 13. Qxc5 Rfd8 14. Qa3 b5 15.
Ne4 Bf8 16. Nc5 Bf5 17. d4 exd4 18. Nxd4 Qb6 19. b4 Ndxb4 20. cxb4 Nxd4 21. Bb2
Rac8 22. Rac1 a5 23. Qe3 Bg7 24. bxa5 Qxa5 25. Nb7 Qxa2 26. Rxc8 Bxc8 27. Nxd8
Qxb2 28. Bd5 Kh7 29. Bxf7 Qb4 30. Rc1 Bd7 31. Ne6 Bxe6 32. Bxe6 Qd6 33. Ba2 Qd7
34. Qe4 b4 35. Rd1 Qa4 36. Rxd4 Bxd4 {[#] Schwarz kann nicht gleichzeitig d4
und g6 decken. Kleines Mattfinale.} 37. Bb1 $1 {[%csl Rd4,Rg6,Rh7]} Qd1+ ({
Der einzige Weg, um das Matt zu vermeiden, führt zu einer anderen Verlustart} 
37... Qa7 38. Qxg6+ Kh8 39. Qxh6+ Kg8 40. Bf5 $1 Bxf2+ (40... Qg7 41. Be6+ Kf8
42. Qxg7+ Kxg7 43. Kg2 $18) 41. Kg2 Qg7 42. Be6+ Kf8 43. Qxg7+ Kxg7 44. Kxf2
$18) 38. Kg2 Bg7 39. Qxg6+ Kg8 40. Qe6+ $1 (40. Qe8+ $144 Bf8 41. Qe6+ Kh8 42.
Ba2) 40... Kf8 41. Bg6 {Die ungleichen Läufer als altbekannte Angriffswaffe.}
1-0

[Event "Dubai op"]
[Site "Dubai"]
[Date "2001.04.20"]
[Round "6"]
[White "Dzhumaev, Marat"]
[Black "Mahjoob, Morteza"]
[Result "0-1"]
[WhiteElo "2514"]
[BlackElo "2304"]
[Annotator "Hecht,H"]
[PlyCount "110"]
[EventDate "2001.04.15"]
[EventType "swiss"]
[EventRounds "9"]
[EventCountry "UAE"]
[SourceTitle "CBM 083"]
[Source "ChessBase"]
[SourceDate "2001.07.05"]
[SourceVersion "1"]
[SourceVersionDate "2001.07.05"]
[SourceQuality "1"]

1. e4 c5 2. Nf3 e6 3. d3 Nc6 4. g3 d5 5. Nbd2 g6 6. Bg2 Bg7 7. O-O Nge7 8. c3
b6 9. Qe2 Qc7 10. Re1 Ba6 11. e5 g5 12. Nxg5 Qxe5 13. Nde4 dxe4 14. Bf4 Qf6 15.
Bxe4 h6 16. Nh7 Rxh7 17. Bxh7 Ng6 18. Qe4 Rc8 19. Bxg6 Qxg6 20. Qxg6 fxg6 21.
Rxe6+ Kf7 22. Rd6 g5 23. Rd7+ Kg6 24. Be3 Ne5 25. Rxa7 Bxd3 26. Rd1 Be4 27.
Rd6+ Bf6 28. b3 h5 29. h3 Kf5 30. f4 gxf4 31. Bxf4 h4 32. Kf2 hxg3+ 33. Bxg3
Rg8 34. Bxe5 Kxe5 35. Rxb6 {[#] Mattangriff} Bh4+ 36. Ke2 Rg2+ 37. Kf1 Rc2 38.
Ra4 Bd3+ 39. Kg1 Rc1+ 40. Kh2 Rc2+ 41. Kg1 Bg5 42. Rc6 Be3+ 43. Kh1 Be2 {
Auch die Hergabe des anderen Läufers gewinnt.} (43... Be4+ 44. Rxe4+ Kxe4 {
[%cal Re4f3]} 45. Rf6 (45. Rc8 Kf3 46. Rf8+ Bf4 47. Rg8 Rh2+ 48. Kg1 Rxa2 49.
Kh1 Rh2+ 50. Kg1 Rc2 51. Kh1 Rxc3 $19) 45... Bf4 46. Re6+ Kf3 47. Re1 Rxa2 48.
b4 c4 $19) 44. Re6+ Kxe6 45. Re4+ Kf5 46. Rxe3 Kf4 47. Re8 Bf3+ 48. Kg1 Kg3 49.
Rg8+ Kxh3 50. Kf1 Bg4 51. Re8 Kg3 52. Ke1 Rxa2 53. b4 c4 54. Re4 Kf3 55. Rxc4 (
55. Rd4 Ke3 56. Kf1 Bf3 57. Kg1 Rg2+ 58. Kf1 Rh2 $19) 55... Ke3 $1 (55... Ke3
56. Kf1 Be2+ $19) 0-1

[Event "EU-chT (Men) 14th"]
[Site "Plovdiv"]
[Date "2003.10.13"]
[Round "3.3"]
[White "Seeman, Tarvo"]
[Black "Flear, Glenn C"]
[Result "1-0"]
[WhiteElo "2429"]
[BlackElo "2516"]
[Annotator "Hecht,H"]
[PlyCount "109"]
[EventDate "2003.10.10"]
[EventType "team-swiss"]
[EventRounds "9"]
[EventCountry "BUL"]
[SourceTitle "CBM 098"]
[Source "ChessBase"]
[SourceDate "2004.02.03"]
[SourceVersion "1"]
[SourceVersionDate "2004.02.03"]
[SourceQuality "1"]
[WhiteTeam "Estonia"]
[BlackTeam "England"]
[WhiteTeamCountry "EST"]
[BlackTeamCountry "ENG"]

1. Nf3 d5 2. g3 c5 3. Bg2 Nc6 4. O-O e5 5. d3 Nf6 6. e4 d4 7. a4 Be7 8. Na3 O-O
9. Bd2 Bg4 10. h3 Bh5 11. Qe1 Nd7 12. Nh2 Rb8 13. h4 f6 14. Bh3 b6 15. Kh1 a6
16. Be6+ Bf7 17. Bc4 Qc8 18. Qe2 Na7 19. Bxf7+ Rxf7 20. Nc4 Nc6 21. f4 b5 22.
axb5 axb5 23. Na5 Nxa5 24. Rxa5 Bd8 25. Raa1 exf4 26. Bxf4 Ra8 27. Qh5 Rxa1 28.
Rxa1 Nb6 29. Kg2 g6 30. Qf3 h5 31. g4 g5 32. Bd2 gxh4 33. gxh5 Rg7+ 34. Kh1 Bc7
35. Bf4 Bxf4 36. Qxf4 Qh3 37. Rg1 Nd7 38. Qf3 Rxg1+ 39. Kxg1 Qxf3 40. Nxf3 Kh7
41. Nxh4 Kh6 42. Nf5+ Kxh5 43. b4 cxb4 44. Nxd4 Kg4 45. Kf2 Kf4 46. Ke2 Ne5 47.
Nxb5 f5 48. exf5 Kxf5 {[#] Es geht darum, an den Bb4 heranzukommen, ohne
Gegenspiel durch Angriff auf den Bc2 zu ermöglichen.} 49. Nd4+ $5 ({Der klare
Weg bestand in der Aktivierung des Königs, also} 49. Ke3 $1 Ke6 50. Kd4 {
was ohne Umschweife zur Partie geführt hätte.}) 49... Kf6 $6 (49... Kf4 $142
50. Kd2 {wonach Schwarz indes in eine Zugzwangstellung geraten wäre und e3 für
den weißen König doch hätte freigeben müssen.}) 50. Ke3 Ke7 51. Ke4 Kd6 52.
Nb5+ Ke6 53. Kd4 {Vergleiche die Anmerkung zum 49. Zug!} Nf3+ 54. Kc4 Ne1 55.
Nd4+ (55. Nd4+ {denn} Ke5 56. Nc6+ Kd6 57. Nxb4 {gewinnt den Bb4, ohne den Bc2
zu verlieren.}) 1-0

[Event "Politiken zt"]
[Site "Munkebo"]
[Date "1998.09.15"]
[Round "2.5"]
[White "Nielsen, Peter Heine"]
[Black "Brynell, Stellan"]
[Result "1-0"]
[WhiteElo "2515"]
[BlackElo "2485"]
[Annotator "Hecht,H"]
[PlyCount "179"]
[EventDate "1998.09.10"]
[EventType "k.o."]
[EventRounds "5"]
[EventCountry "DEN"]
[SourceTitle "CBM 067"]
[Source "ChessBase"]
[SourceDate "1998.11.30"]
[SourceVersion "2"]
[SourceVersionDate "1998.11.01"]
[SourceQuality "1"]

1. e4 e6 2. d3 c5 3. Nf3 Nc6 4. g3 g6 5. Bg2 Bg7 6. O-O Nge7 7. c3 O-O 8. Qe2
d5 9. e5 Qc7 10. Bf4 h6 11. h4 b5 12. Re1 a5 13. Nbd2 Ba6 14. Nf1 b4 15. N1h2
Nf5 16. Ng4 Qe7 17. Qd2 Kh7 18. Bh3 a4 19. cxb4 Nxb4 20. Bf1 d4 21. Nf6+ Bxf6
22. exf6 Qxf6 23. Rec1 Qe7 24. a3 Nd5 25. Bg2 Nxf4 26. Qxf4 Rab8 27. Qd2 Rb3
28. Ne5 f6 29. Nc4 h5 30. Qa5 Bxc4 31. Rxc4 Rc8 32. Qxa4 Rxb2 33. Qa6 Nd6 34.
Rac1 Nxc4 35. Qxc8 Nb6 36. Qxc5 Qxc5 37. Rxc5 Rb1+ 38. Kh2 Kg7 39. Rc7+ Kf8 40.
Rb7 Rb2 41. Kg1 Na4 42. Ra7 Nc5 43. Bf1 Rb3 44. a4 Ra3 45. a5 e5 46. f4 e4 47.
dxe4 d3 48. a6 d2 49. Be2 Rxa6 {Da das Leichtfigurenendspiel Läufer gegen
Springer bei 4-3 Bauern schwerer zu halten ist, sollte das Turmendspiel 4-3
her:} (49... Ra1+ 50. Kg2 d1=Q 51. Bxd1 Rxd1 52. Ra8+ Kg7 53. a7 Ra1 54. Rc8
Rxa7 55. Rxc5 Ra2+ $14) 50. Rxa6 Nxa6 51. Kf2 Nc5 52. Ke3 Ke7 53. Bf3 Nb3 54.
Bd1 Nc5 55. Bc2 Ke6 56. Kxd2 g5 57. Ke3 gxh4 58. gxh4 {[%csl Rh5]} Kf7 59. Bd1
Kg6 60. Bf3 Kh6 61. Be2 Kg6 62. Bc4 Nb7 63. Kd4 Nd6 64. Kd5 Nf7 65. Bb5 Nd8 66.
Be8+ Kh6 67. Kd6 Nb7+ 68. Ke6 Nc5+ 69. Kf5 Nd3 70. Bb5 Nc5 71. Be2 Nd7 72. Bf3
Kg7 73. Bxh5 Nb6 74. Be2 Nd7 75. h5 Nc5 76. Bf3 Nd3 77. Kg4 Kh6 78. Kg3 Kg7 79.
Be2 Nc5 80. Kf3 Ne6 81. Ke3 Nc5 82. Bg4 Nb3 83. Kd3 Nc5+ 84. Kd4 Nb3+ 85. Kd5
Nc1 86. Kc4 Kf7 87. e5 fxe5 88. fxe5 Kg7 89. e6 Kf6 90. h6 1-0

[Event "ARM-ch"]
[Site "Yerevan"]
[Date "1999.10.24"]
[Round "9"]
[White "Matikozian, Andranik"]
[Black "Lputian, Smbat G"]
[Result "1-0"]
[WhiteElo "2427"]
[BlackElo "2625"]
[Annotator "Horn,Pe"]
[PlyCount "113"]
[EventDate "1999.10.16"]
[EventType "tourn"]
[EventRounds "11"]
[EventCountry "ARM"]
[EventCategory "10"]
[SourceTitle "CBM 074"]
[Source "ChessBase"]
[SourceDate "2000.02.01"]
[SourceVersion "1"]
[SourceVersionDate "2000.02.01"]
[SourceQuality "1"]

1. e4 e6 2. d3 d5 3. Nd2 Nf6 4. Ngf3 g6 5. g3 Bg7 6. Bg2 O-O 7. O-O c5 8. Re1
Nc6 9. Qe2 (9. c3 $142) 9... b6 10. Nf1 (10. e5 $2 Nd7 $17) ({Nach} 10. c3 {
[%cal Ye4e5]} Ba6 {kommt Weiß wieder nicht zu e5.}) 10... h6 ({Schwarz konnte
auch sofort} 10... e5 {spielen, was zu ähnlichen Sitiuationen wie in der
Partie führt:} 11. Ne3 (11. Bg5 d4 12. Qd2 Qc7 13. Bh6 Ne8 14. Nh4 Qe7 $11 {
Penttinen,J-Hakulinen,E/Jyvaskyla 1992}) 11... Bb7 12. Nxd5 Nxd5 13. exd5 Qxd5
14. Qf1 (14. Nxe5 Qxg2+ 15. Kxg2 Nd4+ 16. Nf3 Nxe2 17. Rxe2 Rae8 $44) 14... Qd7
15. Bd2 Rae8 16. Bc3 Re7 17. a3 f5 $15 {Lobejko,R-Epishin,V/Groningen 1998}) (
10... dxe4 11. dxe4 Bb7 (11... e5 12. c3 Bb7 13. Bg5 Qc8 14. Bxf6 Bxf6 15. Ne3
Ne7 16. Qc2 Rd8 17. Rad1 $14 {Muharemagic,A-Parulava,T/Germany 1994}) 12. c3
Ne7 13. Qc2 Ba6 14. Rd1 Qc8 15. Bf4 Rd8 16. Ne1 Nc6 17. Rxd8+ Qxd8 18. Rd1 Qe8
19. Ne3 {1/2-1/2 Skorchenko,D-Khakhinov,I/Kazan 1997/EXT 2000 (19)}) (10... Ba6
{ist etwas langsam, da es nichts gegen e5 unternimmt.} 11. e5 Nd7 12. Bf4 (12.
Bg5 $5) 12... c4 $2 13. d4 $16 {Kizilkaya,M-Sime,D/Murek 1998}) 11. h4 e5 (
11... a5 $143 12. e5 Nd7 13. Bf4 Ra7 14. Bh3 Nd4 15. Nxd4 cxd4 16. Qd2 Qc7 17.
Qe2 Qd8 18. Qd2 Qc7 19. Qe2 Qd8 {1/2-1/2 Awenius,A-Bauer,M/Germany 1990/
GER-chT2 (19)}) (11... dxe4 $143 12. dxe4 e5 13. c3 Be6 14. N3h2 Qc7 15. Qf3
Qe7 16. Ne3 Rad8 17. Bf1 Na5 $11 {Alster,L-Kozma,J/Prague 1963}) 12. Ne3 $146 (
12. N1h2 Be6 13. c3 Qd7 14. Be3 Rad8 15. Qc2 Kh7 $15 {Birnboim,N-Soos,B/
Netanya 1973}) 12... Be6 13. exd5 Nxd5 $15 14. Nc4 {Spätestens ab hier ist
klar, daß die weiße Eröffnung mißglückt ist: Schwarz hat den größeren Anteil
am Zentrum, seine Figuren nehmen die üblichen guten Plätze ein. Dabei hat er
ein Tempo verloren (e7-e6-e5), während Weiß 2 (Nd2-f1-e3-c4 statt Nd2-c4)
Tempi verloren hat.} ({Der Tausch} 14. Nxd5 Bxd5 15. Be3 $15 {entlastet Weiß
auch nicht sehr.}) 14... Bg4 {Der Zug verdeutlicht die Nachteile von h2-h4
nach dem Tausch auf d5.} 15. c3 Re8 16. Qc2 {noch ein verlorenes Tempo wird
sichtbar (Qe2-c2).} Qd7 17. a4 Rad8 18. Nfd2 Bh3 19. Bh1 Nde7 20. a5 (20. Ne4)
20... b5 21. Na3 b4 (21... a6 $2 22. Ne4 $14) 22. Nac4 bxc3 $6 {Schwarz käme
bei ansonsten gleicher Fortsetzung wie in der Partie besser weg, wenn er den
Tausch unterlassen hätte:} (22... Qxd3 23. Qa4 Rc8 24. Re3 (24. Ne4 $4 {
ist hier nicht drin.}) 24... Qd7 25. Ne4 Red8 $17) 23. bxc3 Qxd3 $17 24. Qa4 $1
{[%csl Rc5,Rc6] Weiß sucht Kompensation auf dem Damenflügel: der Pc5 ist
schwach.} Rc8 $2 {Danach kippt die Partie.} ({Nach} 24... Be6 25. Nb2 Qd7 26.
Ne4 (26. Nb3) 26... Bd5 27. Nxc5 {verliert Schwarz zwar den Pc5 zurück, behält
aber die Führung in der Partie:} (27. Be3 $5) 27... Qc8 $17) (24... Qxc3 $4 25.
Bb2 $16) 25. Ne4 f5 (25... Red8 26. Bxh6 $3 $18 {[%csl Rd3] Dies könnte
Lputian vielleicht bei 24..Rc8 entgangen sein.} Bxh6 $140 27. Rad1) (25... Bf5
{gefällt mir ein wenig besser; es entsteht ein Endspiel mit nur einem P für
die Qualität, aber der Bf5 spielt mit.} 26. Ned6 (26. Nxc5 Qxc3 27. Bd2 Qc2 28.
Qxc2 Bxc2 29. Nd6 Red8 {und Schwarz mischt noch mit.}) 26... Qxc3 $16) 26. Nxc5
(26. Ned6 Red8 27. Nxc8 Rxc8 28. Rd1 $18 {sieht auch nicht schlecht aus.})
26... Qxc3 (26... Qd8 $2 27. Rd1 $18) 27. Bd2 $1 (27. Bb2 Qb4 {wäre weniger
klar.}) 27... Qd4 28. Be3 Qg4 29. Nd6 Qxa4 (29... f4 30. Nxe8 $18) 30. Rxa4 e4
31. Nxe8 (31. Ne6 $5 $18) 31... Rxe8 32. Ne6 $18 Bc3 33. Rc1 Bxa5 34. Nf4 Bg4
35. Nxg6 {Wegen der zersplitterten Bauernstellung hat Schwarz kaum Aussichten
auf Rettung.} Nxg6 (35... Bb6 36. Nxe7+ Nxe7 37. Bxh6 Nd5 {behält wenigstens
den Pa7, rettet aber auch nicht.}) 36. Rxc6 Ne5 37. Rxh6 Bc3 38. Rxa7 Rd8 39.
Rb6 Be2 (39... Rd1+ 40. Kh2 Nf3+ 41. Bxf3 Bxf3 42. Rb8+ {und Weiß setzt zuerst
matt.}) 40. Rb1 Ng4 41. Bg2 Bd3 42. Rd1 Be5 43. Ra5 Rf8 (43... Bxg3 44. Rxf5
Nxe3 45. fxe3 Bxh4 46. Rf4 $18) 44. Bh3 Bc7 45. Rxf5 Rxf5 46. Bxg4 Rf6 47. Rc1
Bb6 48. Bxb6 Rxb6 49. Kg2 Rb2 50. Re1 Kg7 51. Bf5 Rb4 52. g4 e3 53. Bxd3 Rxg4+
54. Kh3 exf2 55. Rf1 {Wenn Schwarz nur die Türme tauschen könnte ...} Rd4 56.
Be2 Rd2 57. Rxf2 1-0